States That Beat Puerto Rico - Statistics

General Stats
  • This quiz has been taken 130 times
  • The average score is 11 of 13
Answer Stats
Rank Category Answer % Correct
10 Highest % Immigrants California | New Jersey | New York | Florida | Nevada | Hawaii | Massachusetts | Texas | Maryland
96%
3 Smallest by Area Rhode Island | Delaware
96%
10 Highest Elevation East of the Mississippi River North Carolina | Tennessee | New Hampshire | Virginia | New York | Maine | West Virginia | Georgia | Vermont
93%
2 Closest to Cuba Florida
92%
7 Closest in Recent Elections* Florida | Iowa | North Carolina | Ohio | Pennsylvania | Georgia
90%
7 Lowest Gun Ownership Rate Delaware | Rhode Island | New York | New Jersey | New Hampshire | Connecticut
89%
3 Largest Single Island by Area Hawaii | Alaska
88%
3 Highest Population Density New Jersey | Rhode Island
81%
5 Longest Average Commute New York | Maryland | New Jersey | Massachusetts
80%
2 Highest Population Living on Islands New York
79%
3 Most Precipitation** Hawaii | Louisiana
69%
3 Closest to Another Country Without a Land Border Ohio | Pennsylvania
57%
2 Oldest Median Age Maine
45%
No matching quizzes found
Score Distribution
Percent of People with Each Score
Percentile by Number Answered
Your Score History
You have not taken this quiz